00481 a2200157 4500010001400000020002300014035001300037037001500050082001300065100001600078245007700094260004400171270004800215300004100263500001900304 aENG-86120 a8120332072c350.00 aEN-69653 bDBAD / PUB14a005.27681 aSharp, John1 aMicrosoft windows communication foundation step by step /cby John Sharp aNew DelhibPrentice Hall of Indiac2007 aM-97, Cannaught Circus,bNew Delhie110 001 axxvi, 415 p.c23cm. (Pbk.)b+ CD Rom aIncludes index